| 000 | 01195cam a2200313 a 4500 | ||
|---|---|---|---|
| 001 | 4981256 | ||
| 003 | OSt | ||
| 005 | 20230915134130.0 | ||
| 008 | 980811s1999 ilua b 001 0 eng | ||
| 010 | _a 98037052 | ||
| 020 | _a0880117494 | ||
| 040 |
_aDLC _cDLC _dDLC |
||
| 050 | 0 | 0 |
_aRA644.A25 _bH575523 1999 |
| 082 | 0 | 0 |
_a362.19697920088796 _bSAN/H |
| 245 | 0 | 0 |
_aHIV/AIDS in sport : _bimpact, issues, and challenges / _cGopal Sankaran, Karin A.E. Volkwein, Dale R. Bonsall. |
| 260 |
_aChampaign, IL : _bHuman Kinetics, _cc1999. |
||
| 300 |
_axii, 137 p. : _bill. ; _c23 cm. |
||
| 504 | _aIncludes bibliographical references and index. | ||
| 650 | 0 | _aAIDS (Disease) | |
| 650 | 0 | _aSports medicine. | |
| 650 | 0 |
_aAthletes _xDiseases. |
|
| 650 | 0 |
_aAthletes _xHealth and hygiene. |
|
| 700 | 1 |
_aSankaran, Gopal, _d1954- |
|
| 700 | 1 |
_aVolkwein-Caplan, Karin A. E., _d1959- |
|
| 700 | 1 |
_aBonsall, Dale R., _d1938- |
|
| 906 |
_a7 _bcbc _corignew _d1 _eocip _f19 _gy-gencatlg |
||
| 942 |
_2ddc _cBK _h362.19697920088796 _iSAN/H _k362.19697920088796 _mSAN/H |
||
| 999 |
_c42487 _d42487 |
||